[Event "COL-ch U26"]
[Site "Medellin"]
[Date "2018.10.19"]
[Round "3"]
[White "Silva Torres, Jorge J"]
[Black "Gonzalez, Andres Felipe"]
[Result "0-1"]
[WhiteElo "1892"]
[BlackElo "2075"]
[PlyCount "74"]
[EventDate "2018.10.18"]
[EventType "swiss"]
[EventRounds "6"]
[EventCountry "COL"]
[SourceTitle "CBM 187 Extra"]
[Source "ChessBase"]
[SourceDate "2018.11.04"]
[SourceVersion "1"]
[SourceVersionDate "2018.11.04"]
[SourceQuality "1"]

1. d4 Nf6 2. c4 c5 3. Nf3 g6 4. Nc3 cxd4 5. Nxd4 Bg7 6. e4 Nc6 7. Nxc6 bxc6 8. e5 Ng8 9. f4 d6 10. Bd3 dxe5 11. 0-0 exf4 12. Bxf4 Nf6 13. Qf3 0-0 14. Qxc6 Qd4+ 15. Kh1 Bd7 16. Qf3 Rac8 17. Qe2 Bg4 18. Qe3 Qxe3 19. Bxe3 Rfd8 20. Bc2 a6 21. c5 Nd7 22. Nd5 Kf8 23. Rae1 e6 24. Bg5 exd5 25. c6 Ne5 26. Ba4 Rd6 27. Bd2 Rf6 28. Bb4+ Kg8 29. Rxf6 Bxf6 30. Rf1 Bg7 31. Rf4 Nd3 32. Bd6 Nxf4 33. Bxf4 Be2 34. c7 Bb5 35. Bb3 Bc6 36. Kg1 Bd4+ 37. Kf1 Bb6 0-1

[Event "COL-ch Superate B"]
[Site "Colombia"]
[Date "2015.10.14"]
[Round "2.3"]
[White "Arias Umana, Fray Bernardo"]
[Black "Gonzalez, Andres Felipe"]
[Result "0-1"]
[WhiteElo "1612"]
[BlackElo "1948"]
[PlyCount "100"]
[EventDate "2015.10.14"]
[EventType "swiss (blitz)"]
[EventRounds "12"]
[EventCountry "COL"]
[SourceTitle "EXT 2024"]
[Source "ChessBase"]
[SourceDate "2023.10.10"]
[SourceVersion "1"]
[SourceVersionDate "2023.10.10"]
[SourceQuality "1"]

1. d4 Nf6 2. c4 c5 3. d5 b5 4. cxb5 a6 5. bxa6 Bxa6 6. Nc3 d6 7. e4 Bxf1 8. Kxf1 g6 9. g3 Bg7 10. Kg2 0-0 11. Nf3 Nbd7 12. a4 Qa5 13. Nb5 Nxe4 14. Nd2 Nxd2 15. Bxd2 Qb6 16. Ra2 Rfb8 17. Qe2 Qd8 18. Re1 Nf6 19. Qc4 Qd7 20. Bc3 Kf8 21. b4 cxb4 22. Bxb4 Qc8 23. Qd3 Qb7 24. Rb1 Qxd5+ 25. Qxd5 Nxd5 26. Ba3 Rxa4 27. Bxd6 Rxa2 28. Bxb8 Rb2 29. Rxb2 Bxb2 30. Nc7 Nxc7 31. Bxc7 e6 32. Kf3 Ke7 33. Bf4 f6 34. Be3 e5 35. g4 Ke6 36. h4 Bc3 37. Kg3 Be1 38. Kf3 Ba5 39. Kg3 Bc7 40. Kf3 Bd6 41. h5 f5 42. hxg6 hxg6 43. gxf5+ gxf5 44. Bg5 Kd5 45. Ke2 Bc5 46. Be3 Bxe3 47. Kxe3 Kc4 48. f4 e4 49. Ke2 Kd4 50. Kd2 e3+ 0-1

[Event "Pan American-ch U18"]
[Site "Cali"]
[Date "2015.07.02"]
[Round "7"]
[White "Bobadilla Viera, Jorge Samuel"]
[Black "Gonzalez, Andres Felipe"]
[Result "1-0"]
[WhiteElo "2169"]
[BlackElo "2047"]
[PlyCount "73"]
[EventDate "2015.06.28"]
[EventType "swiss"]
[EventRounds "9"]
[EventCountry "COL"]
[SourceTitle "EXT 2016"]
[Source "ChessBase"]
[SourceDate "2015.10.08"]
[SourceVersion "1"]
[SourceVersionDate "2015.10.08"]
[SourceQuality "1"]

1. e4 c5 2. Nf3 g6 3. c3 Bg7 4. d4 cxd4 5. cxd4 d5 6. e5 Nc6 7. Nc3 Nh6 8. h3 0-0 9. Be2 Bf5 10. Be3 Be4 11. g4 f5 12. g5 Nf7 13. h4 e6 14. Qd2 Qb6 15. Rd1 Rfd8 16. Na4 Qc7 17. 0-0 Bxf3 18. Bxf3 b6 19. Be2 Qd7 20. b3 Qe7 21. Rc1 Rac8 22. Ba6 Rc7 23. f4 Nb8 24. Bb5 Rdc8 25. h5 Bf8 26. h6 Qb4 27. Rxc7 Rxc7 28. Qxb4 Bxb4 29. Rc1 Rxc1+ 30. Bxc1 Nd8 31. Kf2 Nbc6 32. Ke3 Kf7 33. Bb2 Be1 34. Bc3 Bxc3 35. Nxc3 Nb4 36. Bd3 Nxd3 37. Kxd3 1-0

[Event "Valle Region-ch U18 Integrada"]
[Site "Cali"]
[Date "2015.03.08"]
[Round "6.3"]
[White "Gonzalez, Andres Felipe"]
[Black "Zuleta, Juan Carlos"]
[Result "1-0"]
[WhiteElo "1987"]
[BlackElo "1867"]
[PlyCount "69"]
[EventDate "2015.03.06"]
[EventType "swiss"]
[EventRounds "6"]
[EventCountry "COL"]
[SourceTitle "EXT 2024"]
[Source "ChessBase"]
[SourceDate "2023.10.10"]
[SourceVersion "1"]
[SourceVersionDate "2023.10.10"]
[SourceQuality "1"]

1. e4 c5 2. Nc3 e6 3. f4 a6 4. Nf3 b5 5. Be2 Bb7 6. d3 Be7 7. 0-0 c4 8. Be3 cxd3 9. Bxd3 Nf6 10. e5 Ng4 11. Qe2 Qc7 12. Kh1 Nxe3 13. Qxe3 d5 14. Ne2 Nd7 15. c3 h5 16. f5 exf5 17. Bxf5 g6 18. e6 gxf5 19. exd7+ Qxd7 20. Ne5 Qc7 21. Nd4 Rg8 22. Nxf7 Kxf7 23. Qe6+ Ke8 24. Qxg8+ Kd7 25. Qe6+ Kd8 26. Rae1 Qd6 27. Qf7 Qf6 28. Rxf5 Qxf7 29. Rxf7 Bc5 30. Rxb7 Bxd4 31. cxd4 Rc8 32. Rf1 Ke8 33. h3 b4 34. Rff7 b3 35. Rh7 1-0

[Event "Medellin Easter op"]
[Site "Medellin"]
[Date "2015.??.??"]
[Round "5"]
[White "Castrillon Gomez, Melissa"]
[Black "Gonzalez, Andres Felipe"]
[Result "1/2-1/2"]
[WhiteElo "2167"]
[BlackElo "2010"]
[PlyCount "65"]
[EventDate "2015.04.01"]
[EventType "swiss"]
[EventRounds "9"]
[EventCountry "COL"]
[SourceTitle "CBM 165 Extra"]
[Source "ChessBase"]
[SourceDate "2015.04.21"]
[SourceVersion "1"]
[SourceVersionDate "2015.04.21"]
[SourceQuality "1"]

1. e4 c5 2. Nf3 g6 3. d4 cxd4 4. Nxd4 Nc6 5. c4 Nf6 6. Nc3 Nxd4 7. Qxd4 Bg7 8. Be3 0-0 9. Qd2 d6 10. Be2 Be6 11. Rc1 a5 12. 0-0 a4 13. f3 Qa5 14. Nd5 Qxd2 15. Nxe7+ Kh8 16. Bxd2 Rfe8 17. Nd5 Nxd5 18. cxd5 Bxd5 19. Bb5 Re5 20. Bc3 Bxa2 21. Bxe5 Bxe5 22. Rc2 Bb3 23. Rd2 Ra5 24. Bd3 b5 25. g3 b4 26. Bb1 a3 27. bxa3 bxa3 28. Ba2 Bxa2 29. Rxa2 Bb2 30. Rb1 d5 31. exd5 Rxd5 32. Rbxb2 axb2 33. Rxb2 1/2-1/2

[Event "Medellin Easter op"]
[Site "Medellin"]
[Date "2015.??.??"]
[Round "4"]
[White "Gonzalez, Andres Felipe"]
[Black "Arias, Daniel"]
[Result "1-0"]
[WhiteElo "2010"]
[BlackElo "2079"]
[PlyCount "32"]
[EventDate "2015.04.01"]
[EventType "swiss"]
[EventRounds "9"]
[EventCountry "COL"]
[SourceTitle "CBM 165 Extra"]
[Source "ChessBase"]
[SourceDate "2015.04.21"]
[SourceVersion "1"]
[SourceVersionDate "2015.04.21"]
[SourceQuality "1"]

1. d4 d5 2. Bf4 c5 3. e3 Nf6 4. c3 Nc6 5. Nd2 Qb6 6. Qb3 e6 7. Ngf3 Be7 8. Be2 Nh5 9. Be5 Nxe5 10. Nxe5 Nf6 11. Bb5+ Bd7 12. Nxd7 Nxd7 13. Nf3 Bd6 14. dxc5 Qxc5 15. Bxd7+ Kxd7 16. Qxb7+ Bc7 1-0

[Event "Mosquera op"]
[Site "Mosquera"]
[Date "2014.11.02"]
[Round "7"]
[White "Vargas Benavides, Mauricio"]
[Black "Gonzalez, Andres Felipe"]
[Result "1-0"]
[WhiteElo "2163"]
[BlackElo "2015"]
[PlyCount "78"]
[EventDate "2014.10.30"]
[EventType "swiss"]
[EventRounds "9"]
[EventCountry "COL"]
[SourceTitle "EXT 2015"]
[Source "ChessBase"]
[SourceDate "2014.11.20"]
[SourceVersion "1"]
[SourceVersionDate "2014.11.20"]
[SourceQuality "1"]

1. e4 c5 2. Nf3 g6 3. d4 cxd4 4. c3 Bg7 5. cxd4 d5 6. e5 Bg4 7. Bb5+ Bd7 8. Bd3 Nh6 9. h3 0-0 10. Nc3 Nc6 11. Qb3 e6 12. Be3 Qb6 13. Qxb6 axb6 14. 0-0 Nf5 15. Bb5 Ra5 16. Bd2 Rd8 17. Bg5 Rc8 18. g4 Nfxd4 19. Nxd4 Nxd4 20. Bxd7 Rc7 21. Be3 Bxe5 22. f4 Bg7 23. Rad1 Rxc3 24. bxc3 Ne2+ 25. Kg2 Nxc3 26. Rd2 Ne4 27. Rc2 h5 28. Bxb6 Ra6 29. Bc7 d4 30. a4 d3 31. Ra2 Nc3 32. Rd2 Nxa4 33. Bxa4 Rxa4 34. Rxd3 Rc4 35. Rd8+ Kh7 36. Rd7 Kg8 37. g5 Re4 38. Rb1 Bd4 39. Rxb7 Re2+ 1-0

[Event "Bogota Superate Intercol Adv B"]
[Site "Bogota"]
[Date "2014.10.28"]
[Round "4.4"]
[White "Ardila Perez, Pedro Ferney"]
[Black "Gonzalez, Andres Felipe"]
[Result "1-0"]
[WhiteElo "1782"]
[BlackElo "1980"]
[PlyCount "86"]
[EventDate "2014.10.28"]
[EventType "swiss (blitz)"]
[EventRounds "8"]
[EventCountry "COL"]
[SourceTitle "EXT 2024"]
[Source "ChessBase"]
[SourceDate "2023.10.10"]
[SourceVersion "1"]
[SourceVersionDate "2023.10.10"]
[SourceQuality "1"]

1. e4 c5 2. Nc3 g6 3. g3 Bg7 4. Bg2 Nc6 5. d3 d6 6. f4 e6 7. Nh3 Nge7 8. 0-0 0-0 9. g4 f5 10. gxf5 exf5 11. Ng5 Nd4 12. Ne2 Nec6 13. c3 Ne6 14. Qb3 Qe7 15. exf5 Rxf5 16. Ng3 Rxg5 17. fxg5 Kh8 18. Bd2 Nxg5 19. Rae1 Qd8 20. Bxg5 Qxg5 21. Re8+ Bf8 22. Rexf8+ Kg7 23. Qf7+ Kh6 24. Qf4 Qxf4 25. R1xf4 Ne5 26. Be4 Nd7 27. Rd8 Nb6 28. Rff8 a5 29. Bf3 Ra6 30. Rxc8 Nxc8 31. Rxc8 Rb6 32. b3 a4 33. Bd1 axb3 34. Bxb3 Ra6 35. Rd8 b5 36. c4 bxc4 37. dxc4 Kg7 38. Ne4 Kf7 39. Rxd6 Ra7 40. Nxc5 Ke7 41. Rd7+ Rxd7 42. Nxd7 Kd6 43. Kf2 h5 1-0

[Event "Bogota Superate Intercol Adv-B"]
[Site "Bogota"]
[Date "2014.10.27"]
[Round "5.3"]
[White "Gonzalez, Andres Felipe"]
[Black "Maya Serrato, Dylan David"]
[Result "1-0"]
[WhiteElo "1964"]
[BlackElo "1614"]
[PlyCount "91"]
[EventDate "2014.10.25"]
[EventType "swiss (rapid)"]
[EventRounds "6"]
[EventCountry "COL"]
[SourceTitle "EXT 2024"]
[Source "ChessBase"]
[SourceDate "2023.10.10"]
[SourceVersion "1"]
[SourceVersionDate "2023.10.10"]
[SourceQuality "1"]

1. d4 Nf6 2. Nf3 h6 3. Bf4 e6 4. e3 d5 5. Nbd2 c5 6. c3 Nc6 7. Bd3 c4 8. Bc2 Be7 9. 0-0 0-0 10. h3 Bd6 11. Ne5 Bxe5 12. dxe5 Nd7 13. Nf3 Qc7 14. e4 dxe4 15. Bxe4 Ncxe5 16. Nxe5 Nxe5 17. Qd4 f6 18. Bxe5 fxe5 19. Qe3 Bd7 20. Rad1 a5 21. Rd2 Ba4 22. Bb1 Rad8 23. Rxd8 Rxd8 24. Qe4 g5 25. Qg6+ Qg7 26. Qxe6+ Kh8 27. Qxc4 Bc6 28. Qe2 Qf6 29. Re1 Re8 30. Be4 Bxe4 31. Qxe4 b5 32. Qd5 Rf8 33. Qxe5 Qxe5 34. Rxe5 Rb8 35. b3 Kg7 36. Rc5 a4 37. bxa4 bxa4 38. Ra5 Rb1+ 39. Kh2 Rc1 40. Rxa4 Rxc3 41. Ra6 h5 42. a4 g4 43. hxg4 hxg4 44. Rb6 Rc5 45. Rb4 Rg5 46. Kg3 1-0

[Event "Bogota Superate Intercol Adv-B"]
[Site "Bogota"]
[Date "2014.10.26"]
[Round "3.6"]
[White "Salgado, Juan Pablo"]
[Black "Gonzalez, Andres Felipe"]
[Result "0-1"]
[WhiteElo "1617"]
[BlackElo "2015"]
[PlyCount "54"]
[EventDate "2014.10.25"]
[EventType "swiss (rapid)"]
[EventRounds "6"]
[EventCountry "COL"]
[SourceTitle "EXT 2024"]
[Source "ChessBase"]
[SourceDate "2023.10.10"]
[SourceVersion "1"]
[SourceVersionDate "2023.10.10"]
[SourceQuality "1"]

1. e4 c5 2. Nf3 g6 3. Bc4 Bg7 4. 0-0 d6 5. d4 cxd4 6. Nxd4 Nf6 7. Nc3 0-0 8. Kh1 Nc6 9. Be3 Ng4 10. h3 Nxe3 11. fxe3 Bd7 12. Nce2 Qc8 13. Kh2 Nxd4 14. Bxf7+ Rxf7 15. Rxf7 Kxf7 16. exd4 Qc4 17. c3 Rf8 18. Nf4 e5 19. dxe5 Bxe5 20. g3 Bxf4 21. gxf4 Qxe4 22. Qb3+ Kg7 23. Rf1 Qe2+ 24. Kg1 Qe3+ 25. Rf2 Qe1+ 26. Rf1 Qg3+ 27. Kh1 Bc6+ 0-1

[Event "Bogota Superate Intercol Adv-B"]
[Site "Bogota"]
[Date "2014.10.25"]
[Round "1.3"]
[White "Gonzalez, Andres Felipe"]
[Black "Ardila Perez, Pedro Ferney"]
[Result "1-0"]
[WhiteElo "1964"]
[BlackElo "1628"]
[PlyCount "142"]
[EventDate "2014.10.25"]
[EventType "swiss (rapid)"]
[EventRounds "6"]
[EventCountry "COL"]
[SourceTitle "EXT 2024"]
[Source "ChessBase"]
[SourceDate "2023.10.10"]
[SourceVersion "1"]
[SourceVersionDate "2023.10.10"]
[SourceQuality "1"]

1. d4 Nf6 2. Nf3 g6 3. Bf4 Bg7 4. e3 0-0 5. h3 d6 6. Be2 c5 7. c3 cxd4 8. exd4 d5 9. 0-0 Nc6 10. Nbd2 h5 11. Re1 Bf5 12. Bf1 Re8 13. Ne5 Nd7 14. Ndf3 Qb6 15. Nxd7 Bxd7 16. Qb3 Qxb3 17. axb3 a6 18. Bd3 e6 19. b4 b5 20. Ne5 Nxe5 21. Bxe5 Bxe5 22. Rxe5 Bc8 23. Bxb5 Re7 24. Bc6 Raa7 25. Ree1 Rec7 26. Ba4 Kf8 27. Bb3 Bd7 28. Ra5 Bb5 29. Bd1 Ke7 30. Be2 Rcb7 31. Bxb5 axb5 32. Rea1 Rxa5 33. Rxa5 Kd7 34. f4 Kc7 35. Kf2 Kb6 36. Kg3 Rb8 37. Kh4 f6 38. g4 hxg4 39. Kxg4 Rh8 40. Ra1 Kb7 41. h4 f5+ 42. Kg5 Rh5+ 43. Kxg6 Rxh4 44. Kf6 Rxf4 45. Kxe6 Rf2 46. Kxd5 Rxb2 47. Kc5 Rc2 48. Kxb5 Rxc3 49. Rf1 Rd3 50. Kc4 Rd2 51. Rxf5 Rc2+ 52. Kb5 Rd2 53. d5 Kc7 54. Rf7+ Kd6 55. Kb6 Rb2 56. b5 Kxd5 57. Rc7 Kd6 58. Rc1 Kd7 59. Ka6 Ra2+ 60. Kb7 Rb2 61. b6 Ra2 62. Kb8 Rb2 63. b7 Ra2 64. Rd1+ Ke8 65. Rd4 Ke7 66. Kc7 Rc2+ 67. Kb6 Rb2+ 68. Kc6 Ke6 69. Re4+ Kf5 70. Re8 Rc2+ 71. Kd5 Rd2+ 1-0

[Event "COL-ch U16"]
[Site "Bogota"]
[Date "2014.05.31"]
[Round "4"]
[White "Arismendi Polanco, Efrain Steven"]
[Black "Gonzalez, Andres Felipe"]
[Result "0-1"]
[WhiteElo "1855"]
[BlackElo "2011"]
[PlyCount "50"]
[EventDate "2014.05.29"]
[EventType "swiss"]
[EventRounds "7"]
[EventCountry "COL"]
[SourceTitle "CBM 160 Extra"]
[Source "ChessBase"]
[SourceDate "2014.07.01"]
[SourceVersion "1"]
[SourceVersionDate "2014.07.01"]
[SourceQuality "1"]

1. e4 c5 2. Nf3 g6 3. d4 cxd4 4. Nxd4 Nc6 5. Nc3 Bg7 6. Be3 Nf6 7. Bc4 0-0 8. Bb3 a5 9. 0-0 d6 10. Ndb5 b6 11. a4 Ba6 12. f4 Nd7 13. Qf3 Rc8 14. Rfd1 Bxb5 15. axb5 Na7 16. Bd4 Bxd4+ 17. Rxd4 Qe8 18. Qf1 Nc5 19. Ba2 Ne6 20. Rd2 Rc5 21. Bb3 Nc7 22. Ba4 Qa8 23. f5 f6 24. Bb3+ Kg7 25. Nd5 Naxb5 0-1

[Event "COL-ch U18"]
[Site "Cali"]
[Date "2014.04.06"]
[Round "7"]
[White "Gonzalez, Andres Felipe"]
[Black "Hernandez, Cristian Andres"]
[Result "0-1"]
[WhiteElo "2015"]
[BlackElo "2131"]
[PlyCount "94"]
[EventDate "2014.04.03"]
[EventType "swiss"]
[EventRounds "7"]
[EventCountry "COL"]
[SourceTitle "CBM 159 Extra"]
[Source "ChessBase"]
[SourceDate "2014.04.24"]
[SourceVersion "1"]
[SourceVersionDate "2014.04.24"]
[SourceQuality "1"]

1. d4 Nf6 2. Nf3 c5 3. c3 e6 4. Bf4 Nc6 5. h3 cxd4 6. cxd4 Qb6 7. Qb3 Nxd4 8. Nxd4 Qxd4 9. e3 Qb4+ 10. Nc3 Nd5 11. Be5 d6 12. Bb5+ Bd7 13. Bxd7+ Kxd7 14. Qxb4 Nxb4 15. 0-0-0 Kc6 16. Bg3 Rd8 17. a3 Na6 18. b4 b5 19. Kb2 Be7 20. Kb3 Nc7 21. Rc1 Kb7 22. Rhd1 a6 23. Ne2 Nd5 24. e4 Nb6 25. f3 Rd7 26. Nc3 Rc8 27. a4 bxa4+ 28. Nxa4 Rxc1 29. Rxc1 d5 30. Nxb6 Kxb6 31. exd5 exd5 32. Be5 Kb5 33. Rc8 d4 34. Rb8+ Kc6 35. Kc2 d3+ 36. Kd2 Bg5+ 37. f4 f6 38. fxg5 fxe5 39. Re8 Rd5 40. Re7 Kd6 41. Rxg7 e4 42. g6 hxg6 43. Rxg6+ Ke5 44. Rg5+ Kd4 45. Rxd5+ Kxd5 46. Ke3 Kc4 47. h4 Kc3 0-1

[Event "COL-ch U18"]
[Site "Cali"]
[Date "2014.04.04"]
[Round "4"]
[White "Arismendi Polanco, Efrain Steven"]
[Black "Gonzalez, Andres Felipe"]
[Result "0-1"]
[WhiteElo "1848"]
[BlackElo "2015"]
[PlyCount "32"]
[EventDate "2014.04.03"]
[EventType "swiss"]
[EventRounds "7"]
[EventCountry "COL"]
[SourceTitle "CBM 159 Extra"]
[Source "ChessBase"]
[SourceDate "2014.04.24"]
[SourceVersion "1"]
[SourceVersionDate "2014.04.24"]
[SourceQuality "1"]

1. e4 c5 2. Nf3 g6 3. d4 cxd4 4. Nxd4 Nf6 5. Nc3 Nc6 6. Be3 Bg7 7. Bc4 0-0 8. Bb3 d6 9. f3 Bd7 10. Qd2 Qa5 11. 0-0-0 Rfc8 12. g4 Ne5 13. h4 Rxc3 14. bxc3 Nxf3 15. Qg2 Qxc3 16. Qxf3 Bxg4 0-1

[Event "COL-ch U18"]
[Site "Cali"]
[Date "2014.04.04"]
[Round "3"]
[White "Gonzalez, Andres Felipe"]
[Black "Blandon, Luis Guillermo"]
[Result "0-1"]
[WhiteElo "2015"]
[BlackElo "2163"]
[PlyCount "66"]
[EventDate "2014.04.03"]
[EventType "swiss"]
[EventRounds "7"]
[EventCountry "COL"]
[SourceTitle "CBM 159 Extra"]
[Source "ChessBase"]
[SourceDate "2014.04.24"]
[SourceVersion "1"]
[SourceVersionDate "2014.04.24"]
[SourceQuality "1"]

1. d4 Nf6 2. Nf3 g6 3. Bf4 Bg7 4. h3 0-0 5. e3 c5 6. c3 b6 7. Be2 d6 8. 0-0 Nbd7 9. a4 a6 10. Nbd2 Bb7 11. Qb1 Qc7 12. Bh2 Rac8 13. b4 Nd5 14. Qb2 cxb4 15. cxb4 Qc3 16. Qxc3 Nxc3 17. Bc4 e5 18. Rfc1 Rxc4 19. Nxc4 Ne2+ 20. Kf1 Nxc1 21. Rxc1 Rc8 22. Rc2 Be4 23. Ncxe5 Bxc2 24. Nxd7 Bxa4 25. Nxb6 Bb5+ 26. Ke1 Rb8 27. Nd5 Bf8 28. Kd2 Bc6 29. Nc7 Rxb4 30. Nxa6 Rb6 31. Nc7 Rb7 32. Na6 Bb5 33. Nb4 Bf1 0-1